00341nam a2200145Ia 4500008004100000020001500041041001200056082001600068100001400084245003400098260002500132300000800157650001400165700001600179221030s9999 xx 000 0 und d a0074630857 aEnglish a105.23bDor aP. Dorsey 0aOracle Designer/2000 Handbook bTMHaNew Delhic1999 a610 aComputers aP. Koletzke